[Event "WLS-chT U1850"]
[Site "Wales"]
[Date "2023.04.16"]
[Round "3"]
[White "Moore, Robert"]
[Black "Mueser, Christopher"]
[Result "1-0"]
[WhiteElo "1802"]
[BlackElo "1295"]
[PlyCount "59"]
[EventDate "2023.02.19"]
[EventType "team-tourn"]
[EventRounds "5"]
[EventCountry "WLS"]
[SourceTitle "EXT 2024"]
[Source "ChessBase"]
[SourceDate "2023.10.10"]
[SourceVersion "1"]
[SourceVersionDate "2023.10.10"]
[SourceQuality "1"]
[WhiteTeam "Morriston Minors"]
[BlackTeam "The Full Ponty II"]
[WhiteTeamCountry "WLS"]
[BlackTeamCountry "WLS"]

1. d4 d5 2. Nf3 Bf5 3. e3 Nf6 4. Bd3 Bg6 5. Ne5 Nbd7 6. 0-0 e6 7. f4 Ne4 8. Nd2 Ndf6 9. Ndf3 c5 10. Bb5+ Ke7 11. Qe2 a6 12. Ba4 Qc7 13. c3 b5 14. Bc2 c4 15. Nxg6+ hxg6 16. Bd2 g5 17. Bxe4 Nxe4 18. Ne5 Ke8 19. fxg5 Nxg5 20. e4 f6 21. Bxg5 fxe5 22. exd5 e4 23. Bf4 Bd6 24. Qxe4 Bxf4 25. Rxf4 Rh6 26. Raf1 Rf6 27. Rxf6 gxf6 28. Qxe6+ Qe7 29. Qc6+ Kf7 30. Qxa8 1-0